000 01143nam a2200313 i 4500
003 DO-SdBNP
005 20251118102347.0
007 ta
008 210302b2025 dr ||||| |||| 00| 0 spa d
020 _a9789945923711
040 _aDO-SdBNP
_bspa
_cBNPHU
_erda
041 _aspa
082 4 _axxx
_bB192s
_222
100 1 _aBallista Díaz, Fernando A.,
_eautor
_4aut.
_977969
245 1 0 _aSeguros de responsabilidad civil :
_bfundamentos, teorías & modelos /
_cFernando A. Ballista Díaz.
250 _aPrimera edición
264 1 _aSanto Domingo, República Dominicana :
_bSeguros Universal,
_c2025.
300 _a308 páginas ;
_c23 cm.
336 _atexto
_btxt
_2rdacontent
337 _asin mediación
_bn
_2rdamedia
338 _avolumen
_bnc
_2rdacarrier
500 _aIncluye datos biográficos del autor en la contracubierta.
500 _aIncluye referencias bibliográficas y notas al pie de las páginas
590 _aInventariado, 2024 /LP
650 4 _aFianzas
_xRepública Dominicana
_978561
650 4 _aPólizas de seguros
_954902
910 _aLP.Validado. Control de calidad MAA
942 _2ddc
_cLBS1
999 _c59495
_d59495